School uniforms, routine activities, and the social control of delinquency in Japan
| VerfasserInnen: | ; |
|---|---|
| Medienart: | Druck Aufsatz |
| Sprache: | Englisch |
| Veröffentlicht: |
1991
|
| In: |
Youth & society
Jahr: 1991, Band: 23, Heft: 1, Seiten: 50-75 |
| Bestand in Tübingen: | In Tübingen vorhanden. IFK: 6884 |
| Verfügbarkeit prüfen: | HBZ Gateway |
| Schlagwörter: |
MARC
| LEADER | 00000caa a22000002c 4500 | ||
|---|---|---|---|
| 001 | 1640040137 | ||
| 003 | DE-627 | ||
| 005 | 20220608130917.0 | ||
| 007 | tu | ||
| 008 | 160223s1991 xx ||||| 00| ||eng c | ||
| 035 | |a (DE-627)1640040137 | ||
| 035 | |a (DE-576)456037292 | ||
| 035 | |a (DE-599)BSZ456037292 | ||
| 040 | |a DE-627 |b ger |c DE-627 |e rakwb | ||
| 041 | |a eng | ||
| 100 | 1 | |a Tanioka, Ichirō |d 1956- |0 (DE-588)135866596 |0 (DE-627)572265905 |0 (DE-576)300689799 |4 aut | |
| 109 | |a Tanioka, Ichirō 1956- | ||
| 245 | 1 | 0 | |a School uniforms, routine activities, and the social control of delinquency in Japan |c Ichiro Tanioka, Daniel Glaser |
| 264 | 1 | |c 1991 | |
| 336 | |a Text |b txt |2 rdacontent | ||
| 337 | |a ohne Hilfsmittel zu benutzen |b n |2 rdamedia | ||
| 338 | |a Band |b nc |2 rdacarrier | ||
| 700 | 1 | |a Glaser, Daniel |0 (DE-588)1042852294 |0 (DE-627)769768016 |0 (DE-576)394258959 |4 aut | |
| 773 | 0 | 8 | |i In |t Youth & society |d Thousand Oaks [u.a.] : Sage Publ., 1969 |g 23(1991), 1, Seite 50-75 |w (DE-627)129096113 |w (DE-600)7590-5 |w (DE-576)014432382 |x 0044-118X |7 nnas |
| 773 | 1 | 8 | |g volume:23 |g year:1991 |g number:1 |g pages:50-75 |
| 935 | |a mkri | ||
| 951 | |a AR | ||
| ELC | |b 1 | ||
| LOK | |0 000 xxxxxcx a22 zn 4500 | ||
| LOK | |0 001 3301298753 | ||
| LOK | |0 003 DE-627 | ||
| LOK | |0 004 1640040137 | ||
| LOK | |0 005 20160223101033 | ||
| LOK | |0 008 160208||||||||||||||||ger||||||| | ||
| LOK | |0 040 |a DE-21-110 |c DE-627 |d DE-21-110 | ||
| LOK | |0 689 |a s |a Mädchendelinquenz | ||
| LOK | |0 689 |a s |a Täterbefragungen | ||
| LOK | |0 689 |a s |a Informelle Sozialkontrolle | ||
| LOK | |0 689 |a s |a Kontrolltheorie | ||
| LOK | |0 689 |a s |a Japan | ||
| LOK | |0 689 |a s |a Schuluniformen | ||
| LOK | |0 689 |a s |a Kontrolleffekt | ||
| LOK | |0 852 |a DE-21-110 | ||
| LOK | |0 852 1 |c 6884 |m p |9 00 | ||
| LOK | |0 935 |a k110 | ||
| LOK | |0 938 |k p | ||
| LOK | |0 939 |a 08-02-16 |b l01 | ||
| ORI | |a SA-MARC-krimdoka001.raw | ||
| SIG | |a IFK: 6884 | ||
